000 00455nam a2200181Ia 4500
003 GCL
008 140319s9999 xx 000 0 eng d
040 _aGCL /
_cGCL
082 0 4 _a160
_bM L
100 1 _aMOORE, ROBERT
245 1 0 _aLOGIC AND REPRESENTATION /
_cMOORE, ROBERT
260 _a[S.N] :
_bC S L I PUBLICATIONS ،
_c1995
300 _a196 P
650 0 4 _aPHILOSOPHY
650 0 4 _aSEMANTICS
650 0 4 _aLANGUAGE - LOGIC
942 _2ddc
_cBK
999 _c24772
_d24772